[Event "Wch U12 Girls"]
[Site "Batumi"]
[Date "2022.09.21"]
[Round "6"]
[White "Haasova, Timea"]
[Black "Zarkua, Anastasia"]
[Result "1/2-1/2"]
[WhiteElo "1707"]
[BlackElo "1294"]
[PlyCount "57"]
[EventDate "2022.09.16"]
[EventType "swiss"]
[EventRounds "11"]
[EventCountry "GEO"]
[SourceTitle "EXT 2023"]
[Source "ChessBase"]
[SourceDate "2022.10.05"]
[SourceVersion "1"]
[SourceVersionDate "2022.10.05"]
[SourceQuality "1"]

1. d4 Nf6 2. Nf3 g6 3. g3 Bg7 4. Bg2 0-0 5. 0-0 d5 6. c4 c6 7. cxd5 cxd5 8. Nc3 Nc6 9. Ne5 Be6 10. e3 Qc7 11. Nxc6 bxc6 12. b3 Rad8 13. Bb2 Bg4 14. f3 Bf5 15. Rc1 Qd6 16. Na4 Bh6 17. Qe2 Bc8 18. Nc5 Nd7 19. f4 Bg7 20. Rc3 Nxc5 21. Rxc5 Bb7 22. Rfc1 Rc8 23. Ba3 Qd7 24. Bf3 Rfe8 25. Bg4 e6 26. Bh3 Qc7 27. R5c3 Rb8 28. Bf1 Qd7 29. Qc2 1/2-1/2

[Event "EU-ch Schools U11 Girls"]
[Site "Tornelo INT"]
[Date "2021.12.05"]
[Round "6"]
[White "Zarkua, Anastasia"]
[Black "Sordia, Marta"]
[Result "0-1"]
[WhiteElo "1157"]
[BlackElo "1355"]
[PlyCount "108"]
[EventDate "2021.12.03"]
[EventType "swiss (rapid)"]
[EventRounds "7"]
[EventCountry "NET"]
[SourceTitle "EXT 2023"]
[Source "ChessBase"]
[SourceDate "2022.10.05"]
[SourceVersion "1"]
[SourceVersionDate "2022.10.05"]
[SourceQuality "1"]

1. d4 d5 2. Nf3 c5 3. c4 e6 4. g3 Nf6 5. Bg2 Be7 6. 0-0 0-0 7. Qc2 Nc6 8. dxc5 Qc7 9. cxd5 Nb4 10. Qc4 Nbxd5 11. Bf4 Nxf4 12. gxf4 Qxc5 13. Qxc5 Bxc5 14. Nbd2 Nd5 15. e3 b6 16. Ne4 Be7 17. Nd4 Bb7 18. Rac1 Rac8 19. a3 a6 20. Rfd1 Rxc1 21. Rxc1 Rc8 22. Rxc8+ Bxc8 23. Nd2 Bc5 24. N2b3 Bxd4 25. Nxd4 Kf8 26. f5 Nc7 27. fxe6 Nxe6 28. Nf3 Bb7 29. Ne5 Bxg2 30. Kxg2 Ke7 31. b4 f6 32. Nc4 b5 33. Nd2 Kd6 34. Kf3 Ke5 35. Ne4 f5 36. Nd2 Ng5+ 37. Ke2 Ne4 38. f4+ Kd5 39. Nxe4 Kxe4 40. h4 g6 41. Kd2 h6 42. Ke2 h5 43. Kd2 Kf3 44. Kd3 Kg4 45. e4 Kxf4 46. Kd4 fxe4 47. Kc5 e3 48. Kb6 e2 49. Kxa6 e1Q 50. Kxb5 Qe8+ 51. Ka5 Qa8+ 52. Kb5 Qxa3 53. Kc5 g5 54. hxg5 Kxg5 0-1